3 indices, 1 métier - Statistiques

Statistiques générales
  • Ce quiz a été pris 523 fois
  • Le résultat moyen est 19 sur 35
Statistiques - réponses
Indices Métier % Correct
Cocktail ; Soirée ; Mojito Barman / Barmaid
96%
Pétale ; Bouquet ; Saint-Valentin Fleuriste
88%
Inondation ; Feu ; Sauvetage Pompier
85%
Mario ; Tuyau ; Souder Plombier
79%
Viande ; Désossage ; Couteau Boucher
75%
Podium ; Défilé ; Miss France Mannequin
74%
Bloc ; Opération ; Anesthésie Chirurgien
73%
Distributeur ; Boîte aux lettres ; Courrier Facteur
73%
Carton ; Sifflet ; Intervention Arbitre
72%
Pétrin ; Cuisson ; Chocolatine Boulanger
72%
Cornet ; Boules ; Italienne Glacier
70%
Table ; Dressage ; Commande Serveur / Serveuse
70%
Défense ; Tribunal ; Discrétion Avocat
69%
Transmettre ; SVT ; Noter Instituteur
69%
Éclair ; Paris-Brest ; Mille-Feuilles Pâtissier
68%
Rédacteur ; Interviewer ; Question Journaliste
65%
Livre ; Calme ; Médiathèque Bibliothécaire
61%
Peau ; Aiguille ; Encre Tatoueur
61%
Mur ; Immeuble ; Construction Maçon
60%
Voiture ; Réparation ; Contrôle Mécano
59%
Vaisselle ; Rincer ; Sécher Plongeur
58%
Perfusion ; Cathéter ; Blouse Infirmière
54%
Perturbation ; Température ; Anticyclone Météorologue
54%
Phonation ; Langage ; Dyslexie Orthophoniste
50%
Acrobate ; Cinéma ; Cascadeur
49%
Semelles ; Posture ; Orthèse Podologue
43%
Marchandise ; Péage ; Poids Lourd Routier
42%
Nourriture ; Anorexie ; Obésité Nutritionniste
38%
Balai ; Poussière ; Propreté Agent d'entretien
31%
Maltage ; Moût ; Houblon Brasseur
27%
Surveillance ; Avion ; Décollage Hôtesse de l'air
23%
Dégustation ; Viticulture ; Cépages Œnologue
22%
Insecte ; Science ; Biologie Entomologiste
7%
Ostréiculteur ; Mytiliculteur ; Ormeaux Conchyliculteur
1%
Poyet ; Médecine ; Sacrum Somatopathe
0%
Aucun quiz correspondant
Distribution des résultats
% des personnes avec chaque résultat
Percentile par nombre de réponses
Votre historique - résultats
Vous n’avez pas pris ce quiz